[Event "Elit(Limhamn-Eksjo)"]
[Site "?"]
[Date "2016.02.27"]
[Round "6"]
[White "Ornstein, Axel"]
[Black "Brynell, Stellan"]
[Result "0-1"]
[WhiteElo "2332"]
[BlackElo "2420"]
[PlyCount "78"]

1. d4 e6 2. Nf3 Nf6 3. e3 d5 4. c4 c5 5. cxd5 Nxd5 6. Nc3 cxd4 7. exd4 Bb4 8.
Bd2 O-O 9. Bd3 Nc6 10. O-O Qb6 11. Nxd5 exd5 12. Bxb4 Qxb4 13. Qc2 h6 14. a3
Qb6 15. Qc5 Be6 16. Qxb6 axb6 17. h3 Rfc8 18. Rac1 Na5 19. Nd2 Kf8 20. Rfe1 Ke7
21. Kf1 Kd6 22. Ke2 Bd7 23. Rc3 Nc6 24. Nf3 Ra4 25. Rec1 Nxd4+ 26. Nxd4 Re8+
27. Kf3 Rxd4 28. Rb3 Bc6 29. Bb5 Kc7 30. Rd3 Rxd3+ 31. Bxd3 Kd6 32. g4 g5 33.
Kg3 d4 34. Rc4 Kd5 35. Rb4 Re1 36. f3 Re3 37. Be4+ Kc5 38. Bxc6 bxc6 39. Kf2 b5
0-1

[Event "Elit(Limhamn-Eksjo)"]
[Site "?"]
[Date "2016.02.27"]
[Round "6"]
[White "Schneider, Stefan"]
[Black "Bejtovic, Jasmin"]
[Result "1/2-1/2"]
[WhiteElo "2378"]
[BlackElo "2365"]
[PlyCount "67"]

1. d4 Nf6 2. c4 g6 3. Nc3 Bg7 4. e4 d6 5. Be2 O-O 6. Bg5 Na6 7. Qd2 c5 8. d5
Nc7 9. Nf3 e6 10. O-O exd5 11. exd5 a6 12. a4 Bd7 13. Rfe1 Rb8 14. Qf4 Nce8 15.
Bd3 Nh5 16. Qd2 Bf6 17. Bh6 Bg7 18. Bg5 Bf6 19. Be3 Bg7 20. h3 f5 21. Bg5 Bf6
22. Bh6 Bg7 23. Bxg7 Kxg7 24. Re2 h6 25. Rae1 Rf7 26. Rb1 a5 27. Nb5 Bxb5 28.
axb5 b6 29. Rbe1 Nc7 30. Nh2 Qg5 31. Qc3+ Qf6 32. Qd2 Qg5 33. Qc3+ Qf6 34. Qd2
1/2-1/2

[Event "Elit(Limhamn-Eksjo)"]
[Site "?"]
[Date "2016.02.27"]
[Round "6"]
[White "Malesevic, Nedeljko"]
[Black "Penalver, Osmani"]
[Result "1/2-1/2"]
[WhiteElo "2265"]
[BlackElo "2251"]
[PlyCount "59"]

1. d4 Nf6 2. c4 e6 3. Nf3 b6 4. a3 Bb7 5. Nc3 Be7 6. d5 d6 7. e4 e5 8. h3 Nbd7
9. Be3 c6 10. Be2 Nc5 11. Nd2 cxd5 12. cxd5 O-O 13. g4 Qc8 14. Rc1 Ba6 15. Nf1
Bxe2 16. Qxe2 Nb3 17. Rd1 Nd7 18. Ng3 g6 19. h4 Na5 20. h5 Qc4 21. Bc1 Qxe2+
22. Ngxe2 Nb3 23. Bh6 Rfc8 24. hxg6 hxg6 25. Rd3 Rc4 26. Rdh3 Nd4 27. Bc1 Nf8
28. Bh6 Nd7 29. Bc1 Nf8 30. Bh6 1/2-1/2

[Event "Elit(Limhamn-Eksjo)"]
[Site "?"]
[Date "2016.02.27"]
[Round "6"]
[White "Mansson, Lars"]
[Black "Vernersson, Per"]
[Result "1-0"]
[WhiteElo "2234"]
[BlackElo "2315"]
[PlyCount "81"]

1. e4 c6 2. d4 d5 3. Nc3 dxe4 4. Nxe4 Nd7 5. Ng5 Ngf6 6. Bd3 e6 7. N1f3 h6 8.
Ne4 Nxe4 9. Bxe4 Bd6 10. O-O O-O 11. c4 c5 12. Be3 Qc7 13. Rc1 Rd8 14. Bb1 cxd4
15. Bxd4 b6 16. Qc2 Nf8 17. Qc3 f6 18. b4 Bb7 19. c5 bxc5 20. Bxc5 Rac8 21. h3
Bf4 22. Rc2 Nd7 23. Qe1 Nxc5 24. Rxc5 Qd6 25. Qc3 Rxc5 26. bxc5 Qd5 27. Bc2 Rc8
28. Bb3 Qxc5 29. Bxe6+ Kh8 30. Qd3 Re8 31. Nh4 Rxe6 32. Ng6+ Kg8 33. Qd8+ Kh7
34. Nf8+ Qxf8 35. Qxf8 Bd6 36. Qf7 Re7 37. Qb3 Bc7 38. Qb4 Rd7 39. Re1 Bb6 40.
Qb1+ Kg8 41. Qg6 1-0

[Event "Elit(Kungstornet-Vasteras)"]
[Site "?"]
[Date "2016.02.27"]
[Round "6"]
[White "Akesson, Ralf"]
[Black "Lyrberg, Patrik"]
[Result "1-0"]
[WhiteElo "2435"]
[BlackElo "2477"]
[PlyCount "81"]

1. Nf3 e6 2. c4 f5 3. g3 Nf6 4. Bg2 Nc6 5. d4 Bb4+ 6. Nbd2 d6 7. O-O Bxd2 8.
Qxd2 a5 9. d5 exd5 10. cxd5 Ne7 11. Ng5 h6 12. Nh3 c6 13. dxc6 bxc6 14. Rd1 d5
15. Nf4 O-O 16. Qc2 Qe8 17. Be3 g5 18. Nd3 f4 19. Bc5 Bf5 20. Qc3 Be4 21. f3
fxg3 22. hxg3 Bh7 23. Ne5 Nh5 24. Ng4 Bg6 25. Qa3 Nf5 26. Bxf8 Qxf8 27. Qxf8+
Rxf8 28. Ne5 Ne7 29. Kh1 Be8 30. Rac1 Ng7 31. Rc5 Rf5 32. Nd3 h5 33. Rxa5 h4
34. Bh3 Rf8 35. gxh4 gxh4 36. Rg1 Kh8 37. Ne5 Nef5 38. Rc5 Ne3 39. Nd7 Rg8 40.
Nf6 Bf7 41. Nxg8 1-0

[Event "Elit(Kungstornet-Vasteras)"]
[Site "?"]
[Date "2016.02.27"]
[Round "6"]
[White "von Bahr, Oskar"]
[Black "Sjodahl, Pontus"]
[Result "1/2-1/2"]
[WhiteElo "2379"]
[BlackElo "2404"]
[PlyCount "130"]

1. c4 Nf6 2. g3 e6 3. Bg2 d5 4. Nf3 Be7 5. O-O O-O 6. b3 b6 7. Bb2 Bb7 8. d4
dxc4 9. bxc4 c5 10. e3 Qc7 11. Nbd2 Nbd7 12. Qe2 Ne4 13. Rac1 Rfd8 14. Rfd1
Nxd2 15. Nxd2 Bxg2 16. Kxg2 Nf6 17. Qf3 cxd4 18. exd4 Rac8 19. Nf1 Qc6 20. Qxc6
Rxc6 21. Ne3 Rdc8 22. Kf3 Ne8 23. d5 exd5 24. cxd5 Rxc1 25. Rxc1 Rxc1 26. Bxc1
Bc5 27. Bb2 Kf8 28. g4 g6 29. Ke4 Nd6+ 30. Kd3 Ke7 31. g5 Nf5 32. Ng4 Kd8 33.
f3 Bf8 34. Ne5 Ke8 35. Nc6 a6 36. Nb8 Bd6 37. Nxa6 Bxh2 38. Nb4 Kd7 39. Bc1 Kd6
40. Kc4 Be5 41. Nc6 Bg3 42. a4 Kc7 43. Kb5 Nd6+ 44. Ka6 Nc4 45. Na7 Kd6 46.
Nc8+ Kc7 47. Kb5 Ne5 48. Nxb6 Nxf3 49. Be3 Be5 50. a5 Kb7 51. a6+ Ka7 52. Nd7+
Bd4 53. Bxd4+ Nxd4+ 54. Kc4 Nf3 55. Nc5 Nxg5 56. d6 f5 57. d7 Nf7 58. Kd5 f4
59. Ke6 Nd8+ 60. Ke7 Nc6+ 61. Kd6 Nd8 62. Ne6 Nf7+ 63. Ke7 Ne5 64. Nxf4 Nxd7
65. Kxd7 Kxa6 1/2-1/2

[Event "Elit(Kungstornet-Vasteras)"]
[Site "?"]
[Date "2016.02.27"]
[Round "6"]
[White "Eriksson, Johan"]
[Black "Backlund, Anders"]
[Result "1/2-1/2"]
[WhiteElo "2398"]
[BlackElo "2269"]
[PlyCount "40"]

1. c4 c5 2. g3 Nc6 3. Bg2 g6 4. Nc3 Bg7 5. Nf3 d6 6. O-O e5 7. a3 a5 8. Ne1 Be6
9. d3 Nge7 10. Nc2 d5 11. cxd5 Nxd5 12. Ne3 Nde7 13. Ne4 b6 14. Ng5 Bd7 15. Bd2
O-O 16. Rc1 h6 17. Nf3 Be6 18. Bc3 Rb8 19. Re1 Qd7 20. a4 Nd4 1/2-1/2

[Event "Elit(Kungstornet-Vasteras)"]
[Site "?"]
[Date "2016.02.27"]
[Round "6"]
[White "Henriksson, Johan"]
[Black "Vaarala, Eric"]
[Result "1/2-1/2"]
[WhiteElo "2286"]
[BlackElo "2298"]
[PlyCount "116"]

1. d4 Nf6 2. c4 e6 3. g3 c5 4. Nf3 b5 5. cxb5 a6 6. bxa6 Qb6 7. Bg2 Nc6 8. O-O
d5 9. dxc5 Bxc5 10. Nc3 Ng4 11. e3 Bxa6 12. Re1 Bb4 13. Bd2 O-O 14. Na4 Qa5 15.
a3 Bxd2 16. Nxd2 Nce5 17. b4 Qd8 18. Nc5 Nf6 19. Ndb3 Bc4 20. Nd4 Qb6 21. Qd2
Rfc8 22. a4 Rab8 23. Nc2 Nc6 24. a5 Qc7 25. Na4 Ne4 26. Bxe4 dxe4 27. Nb6 Ne5
28. Nd4 Rd8 29. Qc3 Rxb6 30. axb6 Qxb6 31. Rec1 f6 32. Kg2 Rc8 33. Qd2 Nd3 34.
Rcb1 e5 35. Ne2 Qe6 36. Ng1 f5 37. b5 f4 38. b6 f3+ 39. Kh1 Rb8 40. b7 Qc6 41.
h4 Rxb7 42. Rxb7 Qxb7 43. Nh3 h6 44. Kh2 Kh7 45. Ng1 Qd7 46. Qc2 Qf7 47. Ra5
Qe6 48. Ra7 Qc6 49. Ra4 Bb5 50. Qxc6 Bxc6 51. Ra2 Bd7 52. g4 Bxg4 53. Kg3 Bf5
54. Ra6 Kg8 55. Ra7 Kh7 56. Ra6 Nc1 57. Ra5 Nd3 58. Ra6 Nc1 1/2-1/2

[Event "Elit(Kungstornet-Vasteras)"]
[Site "?"]
[Date "2016.02.27"]
[Round "6"]
[White "Norberg, Johan"]
[Black "Aronsson, Marten"]
[Result "0-1"]
[WhiteElo "2291"]
[BlackElo "2295"]
[PlyCount "70"]

1. e4 e5 2. Nf3 Nc6 3. Bc4 Nf6 4. d3 h6 5. c3 g6 6. Nbd2 Bg7 7. Nf1 d5 8. exd5
Nxd5 9. Qb3 Nce7 10. Ne3 c6 11. O-O O-O 12. d4 e4 13. Nd2 f5 14. Bxd5+ cxd5 15.
f4 Kh7 16. g3 Qd6 17. Ng2 b5 18. a3 a5 19. Rd1 Ba6 20. Nf1 Rfb8 21. Be3 b4 22.
axb4 axb4 23. Nd2 Nc6 24. Qc2 Bd3 25. Qc1 Na5 26. Kf2 Nc4 27. Ne1 Nxe3 28. Kxe3
Bb5 29. Rxa8 Rxa8 30. Nc2 Rc8 31. Qa1 bxc3 32. bxc3 Qc6 33. Nb1 Qc4 34. Rd2 Qf1
35. Qb2 Qf3# 0-1

[Event "Elit(Kungstornet-Vasteras)"]
[Site "?"]
[Date "2016.02.27"]
[Round "6"]
[White "Andersson, Fredrik"]
[Black "Bergstrom, Peter"]
[Result "1/2-1/2"]
[WhiteElo "2266"]
[BlackElo "2278"]
[PlyCount "93"]

1. e4 c5 2. Nf3 e6 3. d4 cxd4 4. Nxd4 Nc6 5. Nc3 Qc7 6. Be3 a6 7. Qd2 Nf6 8.
O-O-O b5 9. f3 Be7 10. g4 Nxd4 11. Qxd4 Bb7 12. Kb1 Rc8 13. Rc1 Bc5 14. Qd3
Bxe3 15. Qxe3 Qc5 16. Qf4 O-O 17. Bd3 d6 18. h4 Nd7 19. h5 h6 20. Qg3 f6 21. f4
e5 22. g5 exf4 23. Qh3 Ne5 24. gxh6 gxh6 25. Rcg1+ Kf7 26. Qf5 Rc7 27. Nd5 Bxd5
28. exd5 Ke8 29. Qxf4 Qxd5 30. Bg6+ Kd8 31. Qxh6 Rg8 32. Bf5 Rxg1+ 33. Rxg1 Rf7
34. Qh8+ Kc7 35. Qc8+ Kb6 36. Qb8+ Rb7 37. Qd8+ Ka7 38. Qxf6 Nf3 39. Rc1 Rf7
40. Be6 Rxf6 41. Bxd5 Nh4 42. Bc6 Rf5 43. Be8 Re5 44. Bf7 Rf5 45. Be8 Re5 46.
Bf7 Rf5 47. Be8 1/2-1/2

[Event "Elit(Kungstornet-Vasteras)"]
[Site "?"]
[Date "2016.02.27"]
[Round "6"]
[White "Landgren, Andreas"]
[Black "Larsson, Anders"]
[Result "1/2-1/2"]
[WhiteElo "2253"]
[BlackElo "2221"]
[PlyCount "144"]

1. d4 e6 2. c4 Bb4+ 3. Bd2 Bxd2+ 4. Qxd2 Nf6 5. Nc3 O-O 6. e4 d6 7. O-O-O Nc6
8. d5 exd5 9. cxd5 Nb4 10. f3 a5 11. g4 Nd7 12. Kb1 Nc5 13. Nge2 f5 14. gxf5
Rxf5 15. Nd4 Rf6 16. Bc4 Bd7 17. Rhg1 Qe7 18. Rg3 Raf8 19. a3 Nba6 20. Rdg1
R8f7 21. Qg2 Rg6 22. Rxg6 hxg6 23. Qxg6 Qf6 24. Ne6 Qxg6 25. Rxg6 Kh7 26. Rg3
Re7 27. Ng5+ Kh6 28. Nh3 c6 29. Nf4 g5 30. dxc6 bxc6 31. Nfe2 Nc7 32. Nd4 Kh5
33. Kc2 Re5 34. Nde2 Re7 35. Nd4 Re5 36. Be2 Kh6 37. Bf1 d5 38. Bh3 N7e6 39.
Bxe6 Nxe6 40. Nf5+ Kh7 41. b4 axb4 42. axb4 d4 43. Ne2 c5 44. bxc5 Rxc5+ 45.
Kd2 Ra5 46. Nexd4 Ra2+ 47. Ke3 Ra3+ 48. Kd2 Ra2+ 49. Kc3 Nxd4 50. Kxd4 Bxf5 51.
exf5 Kh6 52. Rg1 Ra4+ 53. Ke3 Rf4 54. Rg4 Rxf5 55. h4 gxh4 56. Rxh4+ Kg6 57.
Rg4+ Kf6 58. Rf4 Ke5 59. Ra4 Ke6 60. Ke4 Rb5 61. Ra6+ Ke7 62. f4 Kf7 63. f5 Rb1
64. Ra7+ Kf6 65. Ra6+ Kf7 66. Re6 Re1+ 67. Kd5 Rd1+ 68. Kc6 Rc1+ 69. Kd7 Rd1+
70. Rd6 Rxd6+ 71. Kxd6 Kf6 72. Kd5 Kxf5 1/2-1/2

[Event "Elit(Kungstornet-Vasteras)"]
[Site "?"]
[Date "2016.02.27"]
[Round "6"]
[White "Wikner, Arvid"]
[Black "Eriksson, Anders"]
[Result "1/2-1/2"]
[WhiteElo "2233"]
[BlackElo "2271"]
[PlyCount "135"]

1. e4 c6 2. Nf3 d5 3. Nc3 Bg4 4. d4 Nf6 5. h3 Bxf3 6. gxf3 g6 7. Bg5 Bg7 8. Qd3
Nbd7 9. h4 Qa5 10. e5 Nh5 11. Bd2 f6 12. f4 Bh6 13. Ne2 Qc7 14. Bg2 O-O-O 15.
Bf3 Ng7 16. Qa3 fxe5 17. dxe5 Kb8 18. Qxe7 Rde8 19. Qa3 Ne6 20. Bg4 Ndc5 21. b4
Ne4 22. Be3 d4 23. Bxe6 dxe3 24. Qxe3 Nxf2 25. Qxf2 Rxe6 26. O-O Rf8 27. Qd4
Rd8 28. Qc4 Ree8 29. Rad1 Rxd1 30. Rxd1 Qe7 31. b5 Rc8 32. bxc6 Rxc6 33. Qd4
Rxc2 34. Qd8+ Qxd8 35. Rxd8+ Rc8 36. Rxc8+ Kxc8 37. Kf2 Kd7 38. Kf3 Bf8 39. h5
Ke6 40. hxg6 hxg6 41. Ke4 Bb4 42. Nd4+ Kd7 43. Kd5 Bd2 44. Ke4 Bb4 45. Nf3 Ke7
46. Kd5 Ba3 47. Nh4 Kf7 48. f5 gxf5 49. Nxf5 Ke8 50. Ke6 b5 51. Ng7+ Kf8 52.
Nh5 a5 53. Kd7 a4 54. e6 Bc5 55. Kc6 Ba3 56. Kxb5 Ke7 57. Kxa4 Bd6 58. Kb5 Kxe6
59. Kc6 Ba3 60. Nf4+ Ke5 61. Ne2 Ke4 62. Kb5 Kd5 63. Nc3+ Kd6 64. Nb1 Bb2 65.
Nd2 Kc7 66. a4 Bc3 67. Ne4 Be1 68. a5 1/2-1/2

[Event "Elit(Manhem-LASK)"]
[Site "?"]
[Date "2016.02.27"]
[Round "6"]
[White "Tari, Aryan"]
[Black "Hultin, Johan"]
[Result "1-0"]
[WhiteElo "2556"]
[BlackElo "2319"]
[PlyCount "105"]

1. e4 e6 2. d4 d5 3. Nc3 dxe4 4. Nxe4 Bd7 5. Nf3 Bc6 6. Bd3 Nd7 7. c3 Ngf6 8.
Nxf6+ Nxf6 9. Bf4 Bxf3 10. Qxf3 c6 11. O-O Bd6 12. Be5 Bxe5 13. dxe5 Nd7 14.
Qg3 g6 15. Rad1 Qb6 16. b4 a5 17. a3 axb4 18. axb4 Rd8 19. Be4 O-O 20. Rd6 Nb8
21. h4 Rxd6 22. exd6 Nd7 23. h5 Kg7 24. Re1 Qd8 25. c4 Qf6 26. Qa3 Qd4 27. Qa1
Qxa1 28. Rxa1 f5 29. Bf3 Ne5 30. Be2 g5 31. c5 Rb8 32. b5 cxb5 33. Bxb5 Kf6 34.
Ra7 h6 35. Kf1 Nf7 36. Bd7 Ke5 37. Ra5 Nd8 38. Rb5 Kd5 39. Ke2 Nc6 40. Bxc6+
Kxc6 41. Ra5 g4 42. f3 Rg8 43. Ke3 gxf3 44. gxf3 e5 45. f4 Rg3+ 46. Kf2 exf4
47. Ra8 Rc3 48. Rc8+ Kd7 49. Rc7+ Kd8 50. Rxb7 Rxc5 51. Rh7 Rc3 52. Rxh6 Kd7
53. Rh8 1-0

[Event "Elit(Manhem-LASK)"]
[Site "?"]
[Date "2016.02.27"]
[Round "6"]
[White "Semcesen, Daniel"]
[Black "Winsnes, Rikard"]
[Result "1-0"]
[WhiteElo "2432"]
[BlackElo "2399"]
[PlyCount "69"]

1. d4 Nf6 2. c4 g6 3. Nc3 d5 4. Qb3 dxc4 5. Qxc4 Bg7 6. e4 O-O 7. Be2 a6 8. Bf4
b5 9. Qxc7 Qxd4 10. Rd1 Qb4 11. Rd2 Be6 12. a3 Qb3 13. Nf3 Nh5 14. Be5 Bh6 15.
Rd1 Bc4 16. Qb7 f6 17. Bg3 Kh8 18. Bxc4 bxc4 19. Qxa8 Qxb2 20. O-O Qxc3 21.
Bxb8 Nf4 22. Qb7 Ne2+ 23. Kh1 Qxa3 24. Rd7 Qb3 25. Rxe7 Qxb7 26. Rxb7 c3 27.
Ne1 Rd8 28. Nc2 Rd2 29. e5 fxe5 30. Bxe5+ Kg8 31. Ne3 c2 32. Nxc2 Rxc2 33. g3
Rc8 34. f4 Nc1 35. Rd1 1-0

[Event "Elit(Manhem-LASK)"]
[Site "?"]
[Date "2016.02.27"]
[Round "6"]
[White "Moberg, Karl Johan"]
[Black "Hillarp Persson, Tiger"]
[Result "0-1"]
[WhiteElo "2295"]
[BlackElo "2522"]
[PlyCount "136"]

1. d4 e6 2. c4 c5 3. d5 exd5 4. cxd5 d6 5. Nc3 g6 6. Nf3 Bg7 7. Bf4 Nf6 8. Qa4+
Bd7 9. Qb3 Qc7 10. e4 Nh5 11. Be3 O-O 12. Nd2 f5 13. exf5 gxf5 14. Be2 f4 15.
Bxc5 Qxc5 16. Bxh5 a5 17. Nde4 Qb4 18. O-O Na6 19. Qc2 Bf5 20. Bf3 Nc5 21. Rfe1
a4 22. a3 Qa5 23. Qe2 Rae8 24. Qc4 Bxe4 25. Nxe4 Bxb2 26. Rab1 Bg7 27. Red1
Nxe4 28. Bxe4 Re7 29. Qd3 Be5 30. Rb5 Qa7 31. Qh3 Bd4 32. Qf3 Kh8 33. h3 Rff7
34. Rb4 Bc5 35. Rb2 Qa5 36. Qd3 f3 37. Bxf3 Re1+ 38. Kh2 Rxd1 39. Qxd1 Qc3 40.
Re2 Bd4 41. Re8+ Kg7 42. Be4 Be5+ 43. Kg1 Rf4 44. Bxh7 Qc5 45. Qc2 Qxc2 46.
Bxc2 Rc4 47. Bd3 Rc3 48. Bf1 Rxa3 49. Re7+ Kf6 50. Rxb7 Bd4 51. Rb4 Ke5 52. Bb5
Ra1+ 53. Kh2 a3 54. Ra4 Bxf2 55. g4 Bc5 56. g5 Rb1 57. Bc4 Rc1 58. h4 Rc3 59.
h5 Kf5 60. g6 Bd4 61. Kg2 Be5 62. Kf2 Rxc4 63. Rxa3 Rc2+ 64. Kf3 Rh2 65. Ra7
Rxh5 66. g7 Rh3+ 67. Kf2 Rg3 68. Rf7+ Ke4 0-1

[Event "Elit(Manhem-LASK)"]
[Site "?"]
[Date "2016.02.27"]
[Round "6"]
[White "Dragicevic, Drazen"]
[Black "Boe, Mads"]
[Result "1/2-1/2"]
[WhiteElo "2309"]
[BlackElo "2316"]
[PlyCount "58"]

1. e4 d6 2. d4 Nf6 3. Nc3 e5 4. Nf3 Nbd7 5. Bc4 Be7 6. O-O O-O 7. h3 c6 8. a4
Qc7 9. Re1 b6 10. Bg5 a6 11. Qd2 Bb7 12. d5 cxd5 13. Bxd5 Nxd5 14. Nxd5 Bxg5
15. Nxg5 Bxd5 16. Qxd5 Nf6 17. Qd3 h6 18. Nf3 d5 19. Nd2 Rfd8 20. Qb3 Rac8 21.
Rac1 Qc6 22. exd5 Qxd5 23. Qxd5 Rxd5 24. Ne4 Nxe4 25. Rxe4 Rdc5 26. c3 Rd5 27.
Rce1 f6 28. R1e2 Rc7 29. g4 b5 1/2-1/2

[Event "Elit(Manhem-LASK)"]
[Site "?"]
[Date "2016.02.27"]
[Round "6"]
[White "Akesson, Joel"]
[Black "Smith, Axel"]
[Result "0-1"]
[WhiteElo "2293"]
[BlackElo "2491"]
[PlyCount "60"]

1. c4 e5 2. g3 c6 3. d4 e4 4. Nc3 d5 5. Nh3 h6 6. Nf4 Nf6 7. cxd5 cxd5 8. Qb3
Nc6 9. Ncxd5 Nxd5 10. Qxd5 Qxd5 11. Nxd5 Nxd4 12. Nc7+ Kd8 13. Nxa8 Nc2+ 14.
Kd1 Nxa1 15. Be3 Be6 16. Bxa7 Bxa2 17. Bd4 Nb3 18. Bc3 Bc5 19. e3 Kd7 20. Bb5+
Kd6 21. Kc2 Rxa8 22. Bc4 Nc1 23. b3 Nxb3 24. Bxb3 Ra3 25. Bxa2 Rxa2+ 26. Kb3
Rxf2 27. Bxg7 Bxe3 28. Re1 Rf3 29. Kc4 Kc6 30. Rb1 Rf2 0-1

[Event "Elit(Manhem-LASK)"]
[Site "?"]
[Date "2016.02.27"]
[Round "6"]
[White "Ahlander, Bjorn"]
[Black "Fendrich, David"]
[Result "1-0"]
[WhiteElo "2416"]
[BlackElo "2181"]
[PlyCount "85"]

1. d4 d6 2. c4 e5 3. g3 exd4 4. Qxd4 Nc6 5. Qd2 g6 6. Nc3 Nf6 7. Bg2 Bg7 8. b3
O-O 9. Bb2 Qe7 10. Nh3 Bxh3 11. Bxh3 Ne4 12. Nxe4 Bxb2 13. Qxb2 Qxe4 14. O-O
Rfe8 15. e3 Qe5 16. Qe2 Re7 17. Rad1 Rae8 18. Bg2 Kg7 19. Rd5 Qf6 20. c5 Re5
21. Rxe5 Qxe5 22. cxd6 Qxd6 23. Rd1 Qe6 24. Rc1 Rd8 25. Bxc6 bxc6 26. Qc4 Qxc4
27. Rxc4 Rd2 28. Ra4 c5 29. Rxa7 c6 30. Ra5 Rc2 31. Ra4 Kf6 32. Ra6 Ke5 33.
Rxc6 Ke4 34. Kg2 Kd3 35. a4 Rc3 36. a5 Rxb3 37. Rxc5 f5 38. h4 Ra3 39. Kf3 Ra2
40. Rd5+ Kc4 41. Rd7 Rxa5 42. Rxh7 Kd5 43. Rh6 1-0

[Event "Elit(Manhem-LASK)"]
[Site "?"]
[Date "2016.02.27"]
[Round "6"]
[White "Boe Olsen, Filip"]
[Black "Olsson, Linus"]
[Result "0-1"]
[WhiteElo "2217"]
[BlackElo "2278"]
[PlyCount "70"]

1. d4 Nf6 2. Nf3 e6 3. c4 c5 4. e3 d5 5. Nc3 Nc6 6. Be2 dxc4 7. Bxc4 a6 8. O-O
b5 9. Bb3 Bb7 10. Qe2 Qc7 11. Rd1 Bd6 12. h3 O-O 13. dxc5 Bxc5 14. e4 Nd7 15.
a3 Nde5 16. Bf4 Nxf3+ 17. Qxf3 Qb6 18. Qg3 Rfd8 19. Bg5 Be7 20. Be3 Bc5 21. Bg5
Rxd1+ 22. Rxd1 Bd4 23. Ne2 Bxb2 24. Be3 Qa5 25. Rd7 Bc8 26. Bd2 Qxa3 27. Rd3
Qe7 28. f4 Bb7 29. f5 exf5 30. exf5 Qxe2 31. Bxf7+ Kh8 32. Bf4 Bd4+ 33. Kh2 Qf1
34. Rxd4 Nxd4 35. Be6 Ne2 0-1

[Event "Elit(Burgsvik-Team Viking)"]
[Site "?"]
[Date "2016.01.15"]
[Round "6"]
[White "Meier, Georg"]
[Black "Fries Nielsen, Jens Ove"]
[Result "1-0"]
[WhiteElo "2660"]
[BlackElo "2405"]
[PlyCount "87"]
[EventDate "2016.??.??"]

1. d4 g6 2. e4 Bg7 3. Nf3 e6 4. Bd3 Ne7 5. O-O d6 6. Be3 Nd7 7. a4 f5 8. Nc3 h6
9. Qe2 O-O 10. Rad1 f4 11. Bc1 g5 12. Bc4 Nb6 13. Bb3 a5 14. e5 d5 15. Nb5 Bd7
16. c3 Be8 17. g4 fxg3 18. fxg3 Bh5 19. h3 Bg6 20. g4 Qd7 21. h4 gxh4 22. Nxh4
Be4 23. Bc2 Bxc2 24. Qxc2 Rxf1+ 25. Rxf1 Rf8 26. Rxf8+ Bxf8 27. Ng6 Bg7 28. Nf4
Qc8 29. b3 Nd7 30. Nxe6 Nf8 31. Nxg7 Qxg4+ 32. Qg2 Qd1+ 33. Kh2 Qxc1 34. Nh5+
Nfg6 35. Nxc7 Qd1 36. Nf4 Kh7 37. Ncxd5 Nh4 38. Qg4 Qd2+ 39. Kh3 Nhf5 40. Qh5
Kg7 41. Ne6+ Kh8 42. Qe8+ Ng8 43. Ndf4 Qxc3+ 44. Kg4 1-0

[Event "Elit(Burgsvik-Team Viking)"]
[Site "?"]
[Date "2016.01.15"]
[Round "6"]
[White "Krupenski, Juri"]
[Black "Berg, Emanuel"]
[Result "1-0"]
[WhiteElo "2406"]
[BlackElo "2571"]
[PlyCount "151"]

1. d4 Nf6 2. c4 g6 3. Nc3 Bg7 4. e4 d6 5. Nf3 O-O 6. Be2 Nbd7 7. Bg5 h6 8. Bh4
e5 9. d5 g5 10. Bg3 Nxe4 11. Nxe4 f5 12. Nfd2 fxe4 13. Nxe4 Nf6 14. Bd3 Bf5 15.
Qe2 Qd7 16. O-O Bxe4 17. Bxe4 Nxe4 18. Qxe4 h5 19. h3 g4 20. hxg4 hxg4 21. c5
dxc5 22. Rac1 b6 23. b4 cxb4 24. Qxb4 Qxd5 25. Rxc7 e4 26. Re1 Rfe8 27. Re7 a5
28. Qxe4 Qxe4 29. R7xe4 Rxe4 30. Rxe4 b5 31. Rxg4 Kf7 32. Rg5 b4 33. Rb5 Bc3
34. Bc7 a4 35. Ba5 Re8 36. Bxb4 Re1+ 37. Kh2 Rb1 38. a3 Bxb4 39. axb4 Ke6 40.
g4 a3 41. Ra5 Rxb4 42. Kg3 Rb3+ 43. f3 Rd3 44. Kf4 Kd6 45. Ke4 Rc3 46. g5 Rc4+
47. Kd3 Rc1 48. Rxa3 Ke5 49. Ra4 Kf5 50. f4 Re1 51. Rd4 Re8 52. Kc4 Rc8+ 53.
Kb5 Rc1 54. Rc4 Rd1 55. Kc5 Rd8 56. Rd4 Rc8+ 57. Kd5 Rd8+ 58. Kc4 Rc8+ 59. Kd3
Re8 60. Kc4 Rc8+ 61. Kb5 Rc1 62. Rc4 Rd1 63. Kc5 Rd8 64. Rb4 Rd1 65. Rd4 Re1
66. Kd6 Re8 67. Kd7 Re1 68. Kd8 Re6 69. Rc4 Re1 70. Rc7 Kxf4 71. g6 Kf5 72. g7
Rg1 73. Ke8 Ke6 74. Re7+ Kf6 75. Rf7+ Ke6 76. Kf8 1-0

[Event "Elit(Burgsvik-Team Viking)"]
[Site "?"]
[Date "2016.01.15"]
[Round "6"]
[White "Cramling, Pia"]
[Black "Larsson, Victor"]
[Result "1-0"]
[WhiteElo "2523"]
[BlackElo "2207"]
[PlyCount "51"]

1. d4 d5 2. Nf3 Nf6 3. c4 e6 4. Nc3 Be7 5. Bf4 O-O 6. e3 Nbd7 7. a3 c5 8. cxd5
Nxd5 9. Nxd5 exd5 10. dxc5 Nxc5 11. Be5 a5 12. Be2 a4 13. Rc1 Re8 14. O-O Bf8
15. h3 Bf5 16. Bf4 Ra5 17. Nd4 Bd7 18. Rc2 Qf6 19. Bf3 Qg6 20. Kh2 Nd3 21. Bh5
Qa6 22. Be2 Bb5 23. Nxb5 Nxf4 24. Nc7 Qg6 25. exf4 Rc8 26. Bd3 1-0

[Event "Elit(Burgsvik-Team Viking)"]
[Site "?"]
[Date "2016.01.15"]
[Round "6"]
[White "Nygren, Kim"]
[Black "Agrest, Evgenij"]
[Result "0-1"]
[WhiteElo "2274"]
[BlackElo "2587"]
[PlyCount "74"]
[EventDate "2016.??.??"]

1. e4 c6 2. d4 d5 3. e5 Bf5 4. Nf3 e6 5. Be2 Ne7 6. O-O Nc8 7. Be3 Nd7 8. Nbd2
Be7 9. Nb3 O-O 10. Ne1 Ncb6 11. g4 Bg6 12. f4 f5 13. g5 Nc4 14. Bc1 a5 15. a4
b5 16. Nd3 Qb6 17. Qe1 bxa4 18. Rxa4 Qb5 19. Ra2 a4 20. Na1 c5 21. Qh4 cxd4 22.
Rf3 Rfb8 23. Rh3 Ne3 24. Bh5 Bxh5 25. Qxh5 Nf8 26. Qe2 Qc4 27. b3 axb3 28. Rxa8
Rxa8 29. Nxb3 Nxc2 30. Nd2 Qb5 31. Nf1 Ra2 32. Qd1 Bc5 33. Kh1 Bb6 34. Ng3 Ne3
35. Bxe3 dxe3 36. Ne1 Qa5 37. Nc2 Qd2 0-1

[Event "Elit(Burgsvik-Team Viking)"]
[Site "?"]
[Date "2016.01.15"]
[Round "6"]
[White "Westerberg, Jonathan"]
[Black "Andersson, Tommy"]
[Result "1/2-1/2"]
[WhiteElo "2490"]
[BlackElo "2384"]
[PlyCount "119"]

1. e4 c5 2. Nf3 d6 3. d4 cxd4 4. Nxd4 Nf6 5. Nc3 a6 6. Bg5 Nbd7 7. Bc4 Qb6 8.
Qd2 Qxb2 9. O-O Qb6 10. Rab1 Qc7 11. Bb3 g6 12. Nd5 Nxd5 13. exd5 Bg7 14. Rfe1
Nf6 15. Qe3 h6 16. Bh4 g5 17. Bg3 Ng4 18. Qe4 O-O 19. Nf5 Bxf5 20. Qxf5 Ne5 21.
Bxe5 Bxe5 22. c4 Qc8 23. Qd3 Kg7 24. Bc2 f5 25. Re3 b5 26. cxb5 axb5 27. Bb3
Qc5 28. Re2 Rac8 29. Rc2 Qd4 30. Qxd4 Bxd4 31. Rbc1 Rc5 32. Kf1 Rfc8 33. a4
bxa4 34. Bxa4 Bb2 35. Rxc5 dxc5 36. Rc2 Bd4 37. Bd7 Rd8 38. Bxf5 Rxd5 39. Be6
Rd6 40. Bc4 Rb6 41. Ke2 h5 42. Kd3 Rb1 43. h3 Rd1+ 44. Ke2 Rb1 45. Kd3 Rg1 46.
Bd5 e6 47. Bf3 h4 48. Re2 Kf6 49. Bb7 Rf1 50. Bc8 e5 51. f3 Rd1+ 52. Kc4 Rc1+
53. Kd5 c4 54. Ra2 c3 55. Ra6+ Kf7 56. Rc6 Rb1 57. Be6+ Ke7 58. Rc7+ Kf6 59.
Rf7+ Kg6 60. Bf5+ 1/2-1/2

[Event "Elit(Burgsvik-Team Viking)"]
[Site "?"]
[Date "2016.01.15"]
[Round "6"]
[White "Akerman, Axel"]
[Black "Lindberg, Bo"]
[Result "0-1"]
[WhiteElo "2090"]
[BlackElo "2392"]
[PlyCount "136"]

1. e4 e5 2. Nf3 Nc6 3. Bb5 a6 4. Ba4 Nf6 5. Qe2 b5 6. Bb3 Be7 7. O-O d6 8. c3
O-O 9. Rd1 Na5 10. Bc2 c5 11. d4 Qc7 12. d5 Nc4 13. b3 Nb6 14. c4 Bd7 15. Nbd2
g6 16. Nf1 Nh5 17. h3 Bf6 18. Ne3 Nf4 19. Qf1 Bg7 20. Rb1 b4 21. a4 Nc8 22. Kh2
Ne7 23. Ng1 f5 24. g3 Nh5 25. exf5 gxf5 26. Qe2 Nf6 27. Nf3 Qc8 28. Ng2 Qe8 29.
Nfh4 Qf7 30. f4 Qh5 31. Re1 Ng6 32. Qf2 Nxh4 33. Nxh4 e4 34. Bb2 Rae8 35. Bd1
Qh6 36. Ng2 Kh8 37. Ne3 Rg8 38. Rh1 Re7 39. Be2 Rf7 40. Kg1 Ne8 41. Bxg7+ Nxg7
42. Nf1 Rf6 43. Qe3 Be8 44. Kf2 Bh5 45. Nd2 Bxe2 46. Kxe2 Nh5 47. Nf1 Rfg6 48.
g4 Nxf4+ 49. Kd2 fxg4 50. Ng3 gxh3 51. Nxe4 Rg2+ 52. Nf2 R2g3 53. Rxh3 Rxh3 54.
Nxh3 Qxh3 55. Qxh3 Nxh3 56. Re1 Ng5 57. Re7 h5 58. Ke2 Rg7 59. Re8+ Kh7 60. Kf2
Nf7 61. a5 Ne5 62. Rd8 Rg6 63. Ra8 h4 64. Rxa6 h3 65. Ra7+ Kh6 66. Ra8 Kg7 67.
a6 h2 68. a7 h1=Q 0-1

[Event "Elit(Burgsvik-Team Viking)"]
[Site "?"]
[Date "2016.01.15"]
[Round "6"]
[White "Bellon Lopez, Juan"]
[Black "Tuvesson, Mats"]
[Result "1-0"]
[WhiteElo "2376"]
[BlackElo "2042"]
[PlyCount "75"]

1. d4 Nf6 2. Nf3 c5 3. e3 d5 4. b3 cxd4 5. exd4 e6 6. Bd3 Nc6 7. O-O Be7 8. Bb2
O-O 9. c4 b6 10. Nc3 Bb7 11. Rc1 Rc8 12. h3 h6 13. Qd2 Qd6 14. Rfd1 Rfd8 15.
Qe3 Nb4 16. Be2 Ne4 17. a3 Nxc3 18. Rxc3 Nc6 19. c5 bxc5 20. dxc5 Qc7 21. Rc2
Qd7 22. b4 a6 23. Bd3 Rb8 24. Re2 Re8 25. Bc2 Qd8 26. Qd3 Bf6 27. Ne5 Nxe5 28.
Bxe5 Bxe5 29. Rxe5 Qf6 30. Rde1 g6 31. a4 Qe7 32. Qe3 Kg7 33. Qd4 f6 34. Rxe6
Qxe6 35. Rxe6 Rxe6 36. b5 axb5 37. axb5 Ba8 38. Qg4 1-0